Sept pipes / (Record no. 136292)

MARC details
000 -CABECERA
campo de control de longitud fija 02063nam a22003614i 4500
001 - NÚMERO DE CONTROL
campo de control 991061305698606706
003 - IDENTIFICADOR DEL NÚMERO DE CONTROL
campo de control ES-BaIT
005 - FECHA Y HORA DE LA ÚLTIMA TRANSACCIÓN
campo de control 20250702130422.0
008 - DATOS DE LONGITUD FIJA--INFORMACIÓN GENERAL
campo de control de longitud fija 250328t19991991fr ||||r|||||0|| d fre|c
020 ## - NÚMERO INTERNACIONAL ESTÁNDAR DEL LIBRO
Número Internacional Estándar del Libro 9782912464545
020 ## - NÚMERO INTERNACIONAL ESTÁNDAR DEL LIBRO
Número Internacional Estándar del Libro 2912464544
040 ## - FUENTE DE LA CATALOGACIÓN
Centro catalogador/agencia de origen ES-BaIT
Lengua de catalogación cat
Normas de descripción rda
Centro/agencia transcriptor ES-BaIT
041 1# - CÓDIGO DE LENGUA
Código de lengua del texto/banda sonora o título independiente fre
Código de lengua original eng
080 ## - NÚMERO DE LA CLASIFICACIÓN DECIMAL UNIVERSAL
Número de la Clasificación Decimal Universal 820(72)-2"19"
100 1# - ENTRADA PRINCIPAL--NOMBRE DE PERSONA
Nombre de persona Wellman, Mac
Término indicativo de función/relación autor
9 (RLIN) 52449
245 10 - MENCIÓN DE TÍTULO
Título Sept pipes /
Mención de responsabilidad, etc. Mac Wellman ; traduit de l'anglais (Etats-Units) par Philippe Laubat-Delranc
264 #1 - PRODUCCIÓN, PUBLICACIÓN, DISTRIBUCIÓN, FABRICACIÓN Y COPYRIGHT
Producción, publicación, distribución, fabricación y copyright Besançon :
Nombre del de productor, editor, distribuidor, fabricante Les Solitaires Intempestifs,
Fecha de producción, publicación, distribución, fabricación o copyright 1999
264 #4 - PRODUCCIÓN, PUBLICACIÓN, DISTRIBUCIÓN, FABRICACIÓN Y COPYRIGHT
Fecha de producción, publicación, distribución, fabricación o copyright ©1991
300 ## - DESCRIPCIÓN FÍSICA
Extensión 68 pàgines;
Dimensiones 20 cm
336 ## - TIPO DE CONTENIDO
Término de tipo de contenido text
Código de tipo de contenido txt
Fuente rdacontent
337 ## - TIPO DE MEDIO
Nombre/término del tipo de medio sense mediació
Código del tipo de medio n
Fuente rdamedia
338 ## - TIPO DE SOPORTE
Nombre/término del tipo de soporte volum
Código del tipo de soporte nc
Fuente rdacarrier
490 1# - MENCIÓN DE SERIE
Mención de serie Collection La Mousson d'été
500 ## - NOTA GENERAL
Nota general Títol original: Seven blowjobs
520 ## - SUMARIO, ETC.
Sumario, etc. "Un sénateur américain conservateur pur jus reçoit sept photographies à caractère sexuel. Art ou pornographie ? Machination ou diffamation ? Ni Eileen, son assistante administrative formée dans l'une des universités les plus conservatrices d'Amérique, ni Bruce, son conseiller juridique à qui ces sept photos font un peu trop d'effet pour qu'il soit du " bon bord ", ni le révérend Tom, télévangéliste de choc, ardent défenseur des valeurs "chrétino-familiales" américaines, ne lui sont d'un grand secours. Heureusement, il y a Dot, la standardiste zélée qui découvrira le pot aux roses et pour qui ces sept pipes ouvriront la voie royale de l'ascension professionnelle made in U.S.A.Avec Sept pipes, farce politique Mac Wellman flanque une gifle magistrale au conservatisme américain et à l'hypocrisie du système." -- Contracoberta
650 #4 - PUNTO DE ACCESO ADICIONAL DE MATERIA--TÉRMINO DE MATERIA
Término de materia o nombre geográfico como elemento de entrada Conservadorisme
Subdivisión geográfica Estats Units d'Amèrica
Subdivisión de forma Textos dramàtics
9 (RLIN) 166420
700 1# - ENTRADA AGREGADA--NOMBRE PERSONAL
Nombre de persona Wellman, Mac.
Título de la obra Seven blowjobs.
Lenguaje de la obra Francès
Información de relación/Frase instructiva de referencia Contedidor de (expressió):
9 (RLIN) 166422
700 1# - ENTRADA AGREGADA--NOMBRE PERSONAL
Nombre de persona Loubat-Delranc, Philippe,
Fechas asociadas al nombre 1958-
Término indicativo de función/relación traductor
9 (RLIN) 166423
830 #3 - PUNTO DE ACCESO ADICIONAL DE SERIE-TÍTULO UNIFORME
Título uniforme La Mousson d'été
9 (RLIN) 166424
908 ## - COLOCAR PARÁMETRO DE COMANDO (RLIN)
Colocar parámetro de comando CDMAE
940 ## - EQUIVALENCIA O REFERENCIA-CRUZADA--TÍTULO UNIFORME [OBSOLETO] [solamente CAN/MARC]
Título uniforme <a href="CDMAE">CDMAE</a>
942 ## - ELEMENTOS DE ENTRADA AGREGADA (KOHA)
Fuente del sistema de clasificación o colocación Clasificación decimal universal
Tipo de ítem Koha Llibre
Holdings
Estado de retiro Estado de pérdida Fuente del sistema de clasificación o colocación Estado dañado No para préstamo Localización permanente Ubicación/localización actual Ubicación en estantería Fecha de adquisición Fuente de adquisición Total de préstamos Signatura topográfica completa Código de barras Fecha visto por última vez Precio válido a partir de Tipo de ítem Koha
    Clasificación decimal universal     Biblioteca Barcelona Biblioteca Barcelona BCN Lliure Accés 02/07/2025 Donatiu   820(73) WELL sep 1900088803 02/07/2025 02/07/2025 Llibre

Powered by Koha